[Event "SR 3. liga A2 2005/2006"]
[Site "?"]
[Date "2006.??.??"]
[Round "?"]
[White "Gajarsky, Roman"]
[Black "Vlkovic, Pavol"]
[Result "1-0"]
[WhiteElo "2050"]
[BlackElo "1885"]
[Annotator " 25.2"]
[PlyCount "81"]
[EventDate "2005.??.??"]

1. e4 e6 2. d4 d5 3. Nd2 Nf6 4. e5 Nfd7 5. f4 c5 6. Ngf3 Nc6 7. c3 cxd4 8. cxd4
Qb6 9. Nb3 Bb4+ 10. Bd2 Bxd2+ 11. Qxd2 Qb4 12. Bd3 Nb6 13. O-O Qxd2 14. Nfxd2
O-O 15. g4 Nb4 16. Bb1 Bd7 17. Nc5 Bb5 18. Rf2 Na4 19. Nxb7 Rac8 20. Nb3 Bd3
21. a3 Nc2 22. Bxc2 Rxc2 23. N3c5 Rxf2 24. Kxf2 Nxb2 25. a4 Rb8 26. Ra2 Nc4 27.
a5 a6 28. h4 h6 29. h5 Bb1 30. Ra1 Bc2 31. Ke2 Bh7 32. Rf1 Bc2 33. f5 Ba4 34.
Rf3 Bc6 35. Rb3 Bb5 36. Kf2 Nd2 37. Rb2 Nc4 38. Rb4 Nd2 39. Nd6 Nc4 40. Nxa6
Ra8 41. Nc7 1-0

[Event "SR 3. liga A2 2005/2006"]
[Site "?"]
[Date "2006.??.??"]
[Round "?"]
[White "Vagovsky, Jozef"]
[Black "Slamena, Michal"]
[Result "0-1"]
[WhiteElo "1835"]
[BlackElo "2060"]
[Annotator " 25.3"]
[PlyCount "66"]
[EventDate "2005.??.??"]

1. d4 Nf6 2. Nf3 d6 3. c4 g6 4. g3 Bg4 5. Bg2 Qc8 6. Nc3 Na6 7. e4 c5 8. d5 Nc7
9. Qd3 a6 10. Nd2 Bh3 11. O-O Rb8 12. a4 h5 13. Re1 Bxg2 14. Kxg2 h4 15. e5
dxe5 16. Nf1 hxg3 17. Qxg3 Bg7 18. Qxe5 O-O 19. Bf4 $4 Nfxd5 20. Qxg7+ Kxg7 21.
Nxd5 Qg4+ 22. Bg3 Nxd5 23. cxd5 Rbd8 24. Rxe7 Rxd5 25. Ne3 Qg5 26. Nxd5 Qxd5+
27. Kg1 g5 28. Rae1 Kg6 29. a5 c4 30. R1e5 Qf3 31. Re3 Qd1+ 32. Kg2 Qd5+ 33.
Kf1 Qh1+ 0-1

[Event "SR 3. liga A2 2005/2006"]
[Site "?"]
[Date "2006.??.??"]
[Round "?"]
[White "Hrusovsky, Jan"]
[Black "Hertel, Ondrej"]
[Result "1-0"]
[WhiteElo "1730"]
[BlackElo "1960"]
[Annotator " 25.5"]
[PlyCount "105"]
[EventDate "2005.??.??"]

1. e4 c6 2. d4 d5 3. e5 Bf5 4. Bd3 Bxd3 5. Qxd3 e6 6. Nf3 Nd7 7. O-O Ne7 8. c3
c5 9. dxc5 Nxc5 10. Qb5+ Nc6 11. Nd4 Qd7 12. Nxc6 bxc6 13. Qe2 Qc7 14. Nd2 Nd7
15. f4 Bc5+ 16. Kh1 O-O-O 17. b4 Bb6 18. a4 Qb7 19. a5 Bc7 20. Nb3 Rde8 21. a6
Qa8 22. Be3 Bb6 23. Nc5 Bxc5 24. bxc5 Kc7 25. Qa2 Kd8 26. Qa5+ Ke7 27. Qc7 f5
28. Rfb1 Kf7 29. Rb7 Re7 30. Qd6 Rhe8 31. Rab1 Qc8 32. Rc7 Qxc7 33. Qxc7 Nb8
34. Qxb8 Rxb8 35. Rxb8 Rc7 36. Rb7 Re7 37. Bf2 g5 38. fxg5 Ke8 39. Bh4 Rd7 40.
Rb8+ Kf7 41. Rb7 Ke8 42. Rxd7 Kxd7 43. Kg1 Ke8 44. Kf2 Kf7 45. Kf3 Kg6 46. Kf4
Kh5 47. g3 Kg6 48. h3 Kh5 49. g6 Kxg6 50. Bd8 h6 51. Bb6 axb6 52. a7 b5 53.
a8=Q 1-0

[Event "SR 3. liga A2 2005/2006"]
[Site "?"]
[Date "2006.??.??"]
[Round "?"]
[White "Kollarik, Gorazd"]
[Black "Liptak, Tomas"]
[Result "1-0"]
[WhiteElo "1980"]
[BlackElo "1625"]
[Annotator " 25.6"]
[PlyCount "75"]
[EventDate "2005.??.??"]

1. d4 Nf6 2. c4 g6 3. Nc3 Bg7 4. e4 d6 5. Be2 O-O 6. Nf3 e5 7. dxe5 dxe5 8.
Qxd8 Rxd8 9. Bg5 c6 10. O-O Bg4 11. Rfd1 Nbd7 12. Rd6 Bxf3 13. Bxf3 h6 14. Bxf6
Nxf6 15. Rad1 Rxd6 16. Rxd6 Kf8 17. Kf1 Ke7 18. c5 Nd7 19. b4 a5 20. a3 axb4
21. axb4 Ra3 22. Rd3 Ke6 23. Bg4+ f5 24. exf5+ gxf5 25. Bxf5+ Kxf5 26. Rxd7 Bf6
27. Nd1 Ra7 28. g3 Bg5 29. Nb2 Ke4 30. Nc4 Kf5 31. Na5 Ke6 32. Rd1 Be7 33. Rc1
Kd5 34. Ke2 Bg5 35. Rd1+ Ke6 36. Rd6+ Ke7 37. Rxc6 Rxa5 38. bxa5 1-0

[Event "SR 3. liga A2 2005/2006"]
[Site "?"]
[Date "2006.??.??"]
[Round "?"]
[White "Racik, Marek"]
[Black "Cisar, Marian"]
[Result "1-0"]
[WhiteElo "1795"]
[BlackElo "1655"]
[Annotator " 25.8"]
[PlyCount "95"]
[EventDate "2005.??.??"]

1. Nf3 d5 2. c4 e6 3. g3 Nf6 4. Bg2 c5 5. O-O Nc6 6. b3 Be7 7. Bb2 O-O 8. e3 d4
9. exd4 cxd4 10. Re1 Bc5 11. Ne5 Qc7 12. f4 Nb4 13. d3 Nd7 14. a3 Nc6 15. b4
Ncxe5 16. fxe5 Nxe5 17. bxc5 Qxc5 18. Re4 Rd8 19. Qe2 Ng6 20. Qf2 e5 21. Nd2 f5
22. Re2 f4 23. Bd5+ Kh8 24. Ne4 Qe7 25. Nd2 Rf8 26. Bxd4 Bg4 27. Bc5 fxg3 28.
Qxf8+ Qxf8 29. Bxf8 Bxe2 30. Bc5 gxh2+ 31. Kxh2 Bxd3 32. Bxb7 Rb8 33. Bd5 Rb2
34. Be3 Ne7 35. Be6 Bxc4 36. Bxc4 Nf5 37. Rf1 g6 38. Bg5 h6 39. Bf6+ Kh7 40.
Rf2 Ne3 41. Kg3 Nf5+ 42. Kf3 Nd4+ 43. Ke4 Nf5 44. Bxe5 Rb7 45. Be6 Nh4 46. Rf8
g5 47. Bf5+ Nxf5 48. Kxf5 1-0

[Event "SR 3. liga A2 2005/2006"]
[Site "?"]
[Date "2006.??.??"]
[Round "?"]
[White "Furjel, Andrej"]
[Black "Jurica, Peter"]
[Result "1-0"]
[WhiteElo "2015"]
[BlackElo "2160"]
[Annotator " 26.1"]
[PlyCount "83"]
[EventDate "2005.??.??"]

1. e4 Nf6 2. Nc3 d5 3. exd5 Nxd5 4. Bc4 Nxc3 5. bxc3 e5 6. Qf3 Qf6 7. Qxf6 gxf6
8. d3 Bd7 9. Bd5 Bc6 10. Bxc6+ Nxc6 11. Nf3 Rg8 12. g3 Bc5 13. Ke2 Ne7 14. Bd2
O-O-O 15. Rab1 Bb6 16. Rb4 Nf5 17. Re1 Rge8 18. Kf1 h5 19. Re2 Rg8 20. Nh4 Nd6
21. Ng2 Rg4 22. Rxg4 hxg4 23. Ne3 Bxe3 24. Bxe3 Kd7 25. Bd2 Ke6 26. Kg2 c5 27.
f3 f5 28. h3 gxh3+ 29. Kxh3 f6 30. g4 f4 31. Bxf4 Nb5 32. Bd2 Rd6 33. a4 Na3
34. Be3 Ra6 35. Bxc5 Rxa4 36. Kg3 Kd5 37. Bb4 a5 38. c4+ Kc6 39. Be7 Nb1 40.
Bxf6 Ra2 41. Bxe5 a4 42. g5 1-0

[Event "SR 3. liga A2 2005/2006"]
[Site "?"]
[Date "2006.??.??"]
[Round "?"]
[White "Blazek, Milos"]
[Black "Manak, Jozef"]
[Result "1-0"]
[WhiteElo "2115"]
[BlackElo "2090"]
[Annotator " 26.2"]
[PlyCount "77"]
[EventDate "2005.??.??"]

1. e4 e6 2. d4 d5 3. Nc3 b6 4. Bd3 Ba6 5. Nf3 Nf6 6. e5 Ng8 7. Ne2 Bxd3 8. Qxd3
Ne7 9. Ng3 h6 10. O-O Qd7 11. Be3 a6 12. b3 g6 13. c4 Bg7 14. Rac1 O-O 15. Nh4
dxc4 16. Qe4 Qd5 17. bxc4 Qxe4 18. Nxe4 Nd7 19. f4 Nf5 20. Bf2 Rfc8 21. Rfd1 b5
22. d5 Nb6 23. Bxb6 cxb6 24. Nxf5 gxf5 25. Nd6 Rc5 26. dxe6 fxe6 27. cxb5 axb5
28. Rxc5 bxc5 29. Nxb5 Rxa2 30. Nc7 Rc2 31. Nxe6 c4 32. Nd4 Rc3 33. Nxf5 Bf8
34. e6 Bc5+ 35. Kf1 Rc2 36. Rd8+ Kh7 37. e7 Bxe7 38. Nxe7 c3 39. Rc8 1-0

[Event "SR 3. liga A2 2005/2006"]
[Site "?"]
[Date "2006.??.??"]
[Round "?"]
[White "Mihalik, Anton"]
[Black "Blatnicky, Miroslav"]
[Result "0-1"]
[WhiteElo "2035"]
[BlackElo "2110"]
[Annotator " 26.3"]
[PlyCount "56"]
[EventDate "2005.??.??"]

1. e4 e6 2. d4 d5 3. Nd2 Nf6 4. e5 Nfd7 5. Bd3 c5 6. c3 Nc6 7. Ne2 Qb6 8. Nf3
cxd4 9. cxd4 f6 10. exf6 Nxf6 11. O-O Bd6 12. Re1 O-O 13. Nc3 Bd7 14. Bb1 Rae8
15. Re2 Bb8 16. Qd3 Nb4 17. Qe3 Bb5 18. Nxb5 Qxb5 19. a3 Ng4 20. Qd2 Bf4 21.
Qe1 Nc6 22. Bxf4 Rxf4 23. Rxe6 Ref8 24. h3 Rxf3 25. Rxc6 Rxf2 26. Qe6+ Kh8 27.
Qxg4 bxc6 28. Qh4 Qf1+ 0-1

[Event "SR 3. liga A2 2005/2006"]
[Site "?"]
[Date "2006.??.??"]
[Round "?"]
[White "Smrek, Peter"]
[Black "Stepanovic, Branislav"]
[Result "1-0"]
[WhiteElo "1965"]
[BlackElo "2025"]
[Annotator " 26.4"]
[PlyCount "95"]
[EventDate "2005.??.??"]

1. e4 c6 2. d4 d5 3. Nc3 dxe4 4. Nxe4 Nd7 5. Bc4 Ngf6 6. Ng5 e6 7. Qe2 Nb6 8.
c3 Nxc4 9. Qxc4 Bd6 10. Ne2 h6 11. Nf3 Qc7 12. h3 b6 13. Qd3 Bb7 14. Be3 Nd5
15. O-O O-O 16. Rad1 Rad8 17. Rd2 f5 18. Rdd1 Qc8 19. Rfe1 Nf6 20. Bf4 c5 21.
Qe3 Nd5 22. Qc1 Nxf4 23. Nxf4 Bxf3 24. gxf3 Rf6 25. dxc5 bxc5 26. Qe3 e5 27.
Nd5 Rg6+ 28. Kh2 e4+ 29. f4 Re6 30. c4 Qa6 31. b3 Kh7 32. Rd2 g5 33. Red1 Rg8
34. Kh1 Qc6 35. Qc3 gxf4 36. Nf6+ Rxf6 37. Qxf6 e3+ 38. Rd5 Rg6 39. Qxf5 h5 40.
Rg1 Bb8 41. Qxh5+ Kg7 42. Rxg6+ Qxg6 43. Rd7+ Kf6 44. Qxg6+ Kxg6 45. fxe3 fxe3
46. Kg2 Bf4 47. Rxa7 Kf5 48. Kf3 1-0

[Event "SR 3. liga A2 2005/2006"]
[Site "?"]
[Date "2006.??.??"]
[Round "?"]
[White "Gono, Pavol"]
[Black "Mikudik, Ivan"]
[Result "1/2-1/2"]
[WhiteElo "1995"]
[BlackElo "1875"]
[Annotator " 26.5"]
[PlyCount "85"]
[EventDate "2005.??.??"]

1. e4 e6 2. d4 d5 3. Nd2 dxe4 4. Nxe4 Nd7 5. Nf3 Ngf6 6. Bd3 Be7 7. c3 O-O 8.
O-O c6 9. Ne5 Nxe4 10. Bxe4 f5 11. Bc2 Nxe5 12. dxe5 Qc7 13. Qe2 b6 14. Bb3 c5
15. Bc4 Qc6 16. Bb5 Qc7 17. Bc4 Qc6 18. f4 Bb7 19. Rf3 Rad8 20. Be3 Qd7 21. Rh3
g6 22. a4 Bd5 23. Bxd5 Qxd5 24. Bf2 Rd7 25. c4 Qd2 26. Re3 Rfd8 27. Re1 Qb4 28.
b3 Qd2 29. Qf3 Rc7 30. R1e2 Qd1+ 31. Be1 Bh4 32. g3 Be7 33. Kf2 Qd7 34. Rd2 Qc8
35. Red3 Rcd7 36. Qd1 Rxd3 37. Rxd3 Rxd3 38. Qxd3 Qd8 39. Qxd8+ Bxd8 40. Ke3
Kf7 41. Kd3 a5 42. h3 Be7 43. Ke3 1/2-1/2

[Event "SR 3. liga A2 2005/2006"]
[Site "?"]
[Date "2006.??.??"]
[Round "?"]
[White "Lanyi, Frantisek"]
[Black "Curidlo, Jan"]
[Result "0-1"]
[WhiteElo "1625"]
[BlackElo "2070"]
[Annotator " 26.6"]
[PlyCount "146"]
[EventDate "2005.??.??"]

1. e4 c5 2. Nf3 d6 3. d4 cxd4 4. Nxd4 Nf6 5. Nc3 a6 6. Bc4 e6 7. O-O Be7 8. h3
O-O 9. Be3 Qc7 10. Bd3 Nbd7 11. Nf3 b5 12. a3 Bb7 13. Qe2 Rac8 14. Nd2 Nc5 15.
Rac1 Nfd7 16. Bd4 Bg5 17. f4 Bf6 18. Bxf6 Nxf6 19. b4 Ncd7 20. Nd1 d5 21. e5
Ne8 22. Rf3 f5 23. exf6 Rxf6 24. g3 Nf8 25. Ne3 Qb6 26. Kh2 Nd6 27. Ng4 Rf7 28.
Ne5 Re7 29. Nb3 Nc4 30. Nc5 Rcc7 31. Rcf1 g6 32. Bxc4 bxc4 33. g4 Bc8 34. c3 a5
35. Qe3 axb4 36. axb4 Ra7 37. g5 Ra3 38. Qg1 Rea7 39. Ng4 Ra2+ 40. R3f2 Kf7 41.
Rxa2 Rxa2+ 42. Kg3 Qd6 43. Qd4 Ra3 44. Qf6+ Ke8 45. Rf3 Ra7 46. Re3 Qe7 47. Qe5
Kd8 48. Nf6 Qc7 49. Qxc7+ Rxc7 50. h4 Ra7 51. Ng4 Ra3 52. Kf3 Ra1 53. Ne5 Kc7
54. Re2 Kd6 55. Nf7+ Kc7 56. Ne5 Ra3 57. Re3 Bb7 58. Nxb7 Kxb7 59. Kf2 Kb6 60.
Nf3 Kc7 61. Nd4 Kd7 62. Kf3 Ra1 63. Kg4 Rd1 64. h5 Rg1+ 65. Rg3 gxh5+ 66. Kh3
Rd1 67. Re3 Rd3 68. Rxd3 cxd3 69. Nf3 Kd6 70. Kg3 Ng6 71. Nd2 h4+ 72. Kh3 Nxf4+
73. Kxh4 e5 0-1

[Event "SR 3. liga A2 2005/2006"]
[Site "?"]
[Date "2006.??.??"]
[Round "?"]
[White "Bincik, Pavol"]
[Black "Lajda, Dusan"]
[Result "1-0"]
[WhiteElo "1805"]
[BlackElo "1715"]
[Annotator " 26.7"]
[PlyCount "91"]
[EventDate "2005.??.??"]

1. d4 d5 2. c4 c6 3. Nc3 Nf6 4. Bg5 e6 5. e3 Bb4 6. Qb3 Bxc3+ 7. bxc3 Nbd7 8.
Nf3 Qa5 9. Qb4 Qxb4 10. cxb4 O-O 11. Nd2 Re8 12. Be2 e5 13. dxe5 Rxe5 14. Nf3
Re8 15. O-O Ne4 16. cxd5 Nxg5 17. Nxg5 cxd5 18. Rfd1 Nb6 19. Rac1 h6 20. Nf3
Be6 21. Rc7 Rab8 22. Rdc1 Rec8 23. Nd4 Rxc7 24. Rxc7 Bd7 25. h3 a6 26. Bf3 Be8
27. Nf5 Kf8 28. Nd6 Na8 29. Rxb7 Rxb7 30. Nxb7 Nb6 31. Be2 Nc4 32. e4 Nb6 33.
Bxa6 dxe4 34. Nc5 f5 35. b5 Ke7 36. a4 Nc4 37. Nb7 Kd7 38. Nc5+ Kd6 39. Nb3 Nb6
40. a5 Nc4 41. b6 Ne5 42. Bc8 g6 43. a6 Nc6 44. a7 Nxa7 45. bxa7 Bc6 46. Na5
1-0

[Event "SR 3. liga A2 2005/2006"]
[Site "?"]
[Date "2006.??.??"]
[Round "?"]
[White "Podjavorinsky, Peter"]
[Black "Orvisky, Vladimir"]
[Result "1/2-1/2"]
[WhiteElo "1700"]
[BlackElo "1875"]
[Annotator " 26.8"]
[PlyCount "139"]
[EventDate "2005.??.??"]

1. e4 Nf6 2. Nc3 d5 3. exd5 Nxd5 4. Bc4 e6 5. Nxd5 exd5 6. Bb3 Be7 7. d4 Bf5 8.
Nf3 O-O 9. O-O Re8 10. Bf4 c6 11. Qd2 Nd7 12. c3 Nf6 13. Bc2 Ne4 14. Qc1 Bf8
15. Ng5 Qd7 16. Nxe4 Bxe4 17. f3 Bf5 18. Qb1 Bxc2 19. Qxc2 Re6 20. Rae1 Rae8
21. Qf2 h6 22. Re5 f6 23. Ree1 g5 24. Bg3 f5 25. Rxe6 Rxe6 26. Be5 Bg7 27. f4
g4 28. Qh4 Qe7 29. Qh5 Qf7 30. Qh4 Qe7 31. Qh5 Qf7 32. Qh4 Qg6 33. Re1 Qe8 34.
Kf1 Bf8 35. Bc7 Rxe1+ 36. Qxe1 Qe4 37. Kf2 Qc2+ 38. Qe2 Qe4 39. Qxe4 dxe4 40.
Bb8 a6 41. Ke3 Kf7 42. Ba7 Ke6 43. c4 Kd7 44. Bc5 Bd6 45. Bb6 h5 46. g3 Bc7 47.
Bc5 b6 48. Bf8 Bd8 49. b3 Kc7 50. a4 Kd7 51. Bb4 Bc7 52. Bf8 b5 53. Bc5 Bd6 54.
Bb6 Ba3 55. Ba7 Bc1+ 56. Ke2 Ba3 57. Ke3 Be7 58. Bc5 Bf6 59. Bb4 h4 60. Bc5
hxg3 61. hxg3 Bd8 62. Bb4 Bc7 63. Bc3 Bd6 64. Bd2 Ba3 65. Ke2 Kd6 66. Ke3 Ke6
67. Ke2 Bb2 68. Ke3 Ba3 69. Ke2 b4 70. Ke3 {
a vela dalsich nejasnych tahov do remizy} 1/2-1/2

[Event "SR 3. liga A2 2005/2006"]
[Site "?"]
[Date "2006.??.??"]
[Round "?"]
[White "Kubis, Ivan"]
[Black "Horak, Ivan"]
[Result "1/2-1/2"]
[WhiteElo "2065"]
[BlackElo "2140"]
[Annotator " 27.1"]
[PlyCount "47"]
[EventDate "2005.??.??"]

1. e4 e5 2. Nf3 Nc6 3. Bb5 a6 4. Ba4 Nf6 5. O-O Nxe4 6. Re1 Nc5 7. Bxc6 dxc6 8.
Nxe5 Be7 9. d4 Ne6 10. Be3 O-O 11. f4 Re8 12. Nc3 Bb4 13. f5 f6 14. Nf3 Bxc3
15. bxc3 Nf8 16. Nh4 Qd5 17. Qd3 b5 18. a4 Bb7 19. Bf4 Rac8 20. Nf3 c5 21. axb5
c4 22. Qd2 axb5 23. Ra7 c5 24. Qf2 1/2-1/2

[Event "SR 3. liga A2 2005/2006"]
[Site "?"]
[Date "2006.??.??"]
[Round "?"]
[White "Pribila, Michal"]
[Black "Hrubsa, Vladimir"]
[Result "1-0"]
[WhiteElo "2010"]
[BlackElo "2055"]
[Annotator " 27.2"]
[PlyCount "87"]
[EventDate "2005.??.??"]

1. e4 c5 2. Nf3 Nc6 3. d4 cxd4 4. Nxd4 e5 5. Nb5 a6 6. Nd6+ Bxd6 7. Qxd6 Qf6 8.
Qa3 Qg6 9. f3 Nd4 10. Qd3 d5 11. c3 dxe4 12. fxe4 Nc6 13. g3 Bg4 14. Nd2 Rd8
15. Qe3 Nf6 16. Bg2 O-O 17. O-O Rd7 18. Nf3 Qxe4 19. Qxe4 Nxe4 20. Nxe5 Nxe5
21. Bxe4 Re8 22. Bf4 Nc4 23. Bg2 f6 24. b3 Ne5 25. Rae1 Ree7 26. Bxe5 Rxe5 27.
Rxe5 fxe5 28. c4 g6 29. Bd5+ Kg7 30. Re1 Re7 31. Kf2 b6 32. Ke3 Kf8 33. b4 Be6
34. Ke4 Bf5+ 35. Ke3 Be6 36. Bxe6 Rxe6 37. Ke4 Ke7 38. c5 bxc5 39. bxc5 g5 40.
Kd5 Kf6 41. c6 Re8 42. c7 Kf5 43. Kd6 e4 44. Kd7 1-0

[Event "SR 3. liga A2 2005/2006"]
[Site "?"]
[Date "2006.??.??"]
[Round "?"]
[White "Vach, Jozef"]
[Black "Vepy, Ivan"]
[Result "0-1"]
[WhiteElo "1935"]
[BlackElo "1925"]
[Annotator " 27.4"]
[PlyCount "118"]
[EventDate "2005.??.??"]

1. e4 e5 2. Bc4 Nf6 3. d3 Nc6 4. Nc3 Na5 5. Bb3 Nxb3 6. axb3 h6 7. Nf3 d6 8.
Be3 a6 9. h3 Be6 10. Qd2 Be7 11. Ne2 Nd7 12. c4 c6 13. Ng3 Nf6 14. d4 Qc7 15.
d5 cxd5 16. cxd5 Bd7 17. O-O O-O 18. Rfc1 Qd8 19. Nxe5 Bxh3 20. Nxf7 Rxf7 21.
gxh3 Qd7 22. Kh2 Raf8 23. f3 Nh7 24. f4 Bh4 25. Rg1 Bxg3+ 26. Rxg3 Nf6 27. Qd3
Nh5 28. Rg4 Nxf4 29. Bxf4 Rxf4 30. Rag1 Rxg4 31. Rxg4 Rf2+ 32. Rg2 Qf7 33. Qg3
Rxg2+ 34. Qxg2 Qf4+ 35. Kg1 Kf7 36. b4 Kf6 37. Kh1 g5 38. Qc2 Qg3 39. Qc8 Qf3+
40. Kh2 Qxe4 41. Qxb7 Qe2+ 42. Kg3 Qxb2 43. Qxa6 Qxb4 44. Qa8 Ke5 45. Qh8+ Kxd5
46. Qxh6 Qf4+ 47. Kg2 Ke4 48. Qe6+ Kd4 49. Qa2 Ke5 50. Qg8 d5 51. Qb8+ Kf5 52.
Qc8+ Ke4 53. Qc2+ Ke5 54. Qc7+ Kd4 55. Qxf4+ gxf4 56. h4 Ke3 57. h5 f3+ 58. Kh2
f2 59. h6 f1=Q 0-1

[Event "SR 3. liga A2 2005/2006"]
[Site "?"]
[Date "2006.??.??"]
[Round "?"]
[White "Londin, Martin"]
[Black "Jozefovic, Milan"]
[Result "0-1"]
[WhiteElo "1915"]
[BlackElo "1775"]
[Annotator " 27.5"]
[PlyCount "52"]
[EventDate "2005.??.??"]

1. e4 e5 2. Nf3 Nc6 3. d4 exd4 4. Bc4 d6 5. O-O Bg4 6. Bxf7+ Kxf7 7. Ng5+ Qxg5
8. f3 Qc5 9. fxg4+ Ke7 10. Qf3 Ne5 11. Qf5 h6 12. b4 Qc4 13. Bb2 g6 14. Qf2 Bg7
15. Nd2 Qxb4 16. Rab1 Rf8 17. Qe2 Rxf1+ 18. Kxf1 Nf6 19. Bc1 Qc3 20. Rxb7 Nfxg4
21. Kg1 Qe3+ 22. Qxe3 dxe3 23. Rxc7+ Kf6 24. Nf3 Rb8 25. Nxe5 dxe5 26. Rd7 e2
0-1

[Event "SR 3. liga A2 2005/2006"]
[Site "?"]
[Date "2006.??.??"]
[Round "?"]
[White "Kocak, Branislav"]
[Black "Vogl, Zdenek"]
[Result "1/2-1/2"]
[WhiteElo "1705"]
[BlackElo "1880"]
[Annotator " 27.6"]
[PlyCount "131"]
[EventDate "2005.??.??"]

1. d4 Nf6 2. c4 e6 3. Nf3 b6 4. Nc3 Bb7 5. e3 Bb4 6. a3 Bxc3+ 7. bxc3 O-O 8.
Bd3 d5 9. cxd5 exd5 10. O-O Ne4 11. Bb2 c5 12. c4 dxc4 13. Bxc4 Nd6 14. Be2 Nd7
15. dxc5 Nxc5 16. Rc1 Qe7 17. Bd4 Ne6 18. Be5 Rfd8 19. Qc2 Rac8 20. Qa4 a6 21.
Rxc8 Nxc8 22. Qb3 Nc5 23. Qb2 Bxf3 24. gxf3 Na4 25. Qa1 f6 26. Qa2+ Kh8 27. Bd4
b5 28. Rc1 Ncb6 29. Bd1 Qd6 30. Qa1 Qe6 31. Rc7 Rc8 32. Qc1 Nc4 33. Rxc8+ Qxc8
34. Bxa4 bxa4 35. Qc3 Qc6 36. Qb4 h6 37. f4 Qb5 38. Qf8+ Kh7 39. Qe7 Nd2 40.
Kg2 Qf1+ 41. Kg3 Qg1+ 42. Kh3 Qg6 43. Qb7 f5 44. f3 Ne4 45. Qxg7+ Qxg7 46. Bxg7
Nd2 47. Bf8 Nxf3 48. Bb4 Kg6 49. Kg2 Nh4+ 50. Kg3 Kh5 51. h3 Ng6 52. Bc5 Nh8
53. Be7 Kg6 54. Kf3 Kf7 55. Bb4 Ke6 56. e4 Nf7 57. Ke3 Nd8 58. Bf8 h5 59. exf5+
Kxf5 60. Bd6 Ne6 61. Kf3 Nd4+ 62. Kg3 Kg6 63. Kf2 Kf5 64. Kg3 Nb5 65. Bc5 Nc3
66. Kf3 1/2-1/2

[Event "SR 3. liga A2 2005/2006"]
[Site "?"]
[Date "2006.??.??"]
[Round "?"]
[White "Pagac, Robert"]
[Black "Zajicek, Ferdinand"]
[Result "0-1"]
[WhiteElo "1805"]
[BlackElo "1725"]
[Annotator " 27.7"]
[PlyCount "98"]
[EventDate "2005.??.??"]

1. e4 e5 2. Nf3 Nc6 3. Bc4 h6 4. d3 Nf6 5. Be3 Be7 6. a3 O-O 7. Nc3 d6 8. Qd2
a6 9. Bxh6 gxh6 10. Qxh6 Nh7 11. Qg6+ Kh8 12. Bxf7 Bf6 13. Nd5 Ne7 14. Qh5 Nxd5
15. Bxd5 c6 16. Bb3 Qe7 17. h4 Qg7 18. Ng5 Bd7 19. Nf7+ Rxf7 20. Qxf7 Qxg2 21.
O-O-O Qg7 22. Rdg1 Qxf7 23. Bxf7 Rf8 24. Bb3 Be8 25. Rh3 Bf7 26. Bxf7 Rxf7 27.
Rf3 Bg5+ 28. Rxg5 Rxf3 29. Rg6 Rf6 30. Rxf6 Nxf6 31. Kd2 Kh7 32. Ke3 Nh5 33. c3
Kg6 34. d4 Nf4 35. b4 b5 36. Kd2 Kh5 37. d5 cxd5 38. exd5 Nxd5 39. Kd3 Nb6 40.
Ke4 Kxh4 41. Kf5 Nc4 42. f4 exf4 43. Kxf4 Nxa3 44. Ke4 Nc4 45. Kd5 Kg4 46. Kc6
Kf4 47. Kb7 Ke4 48. Kxa6 Na3 49. Kb6 Kd3 0-1

[Event "SR 3. liga A2 2005/2006"]
[Site "?"]
[Date "2006.??.??"]
[Round "?"]
[White "Papanek, Lubomir"]
[Black "Hrubsa, Marian"]
[Result "1-0"]
[WhiteElo "1690"]
[BlackElo "1725"]
[Annotator " 27.8"]
[PlyCount "85"]
[EventDate "2005.??.??"]

1. d4 d5 2. c4 e6 3. Nc3 Nf6 4. e3 Nbd7 5. Nf3 c6 6. Bd3 Be7 7. O-O O-O 8. e4
dxe4 9. Nxe4 Nxe4 10. Bxe4 Nf6 11. Bc2 h6 12. Bf4 Bd6 13. Be5 Bxe5 14. dxe5
Qxd1 15. Rfxd1 Nd7 16. Rd2 b5 17. Be4 bxc4 18. Bxc6 c3 19. bxc3 Rb8 20. Bxd7
Ba6 21. Rad1 Bc4 22. Bc6 a5 23. Nd4 Rb6 24. Be4 a4 25. Nc6 g6 26. Nb4 Kg7 27.
f4 Rc8 28. Rd6 Rbb8 29. Rc6 Bb5 30. Rxc8 Rxc8 31. Rc1 g5 32. g3 gxf4 33. gxf4
f5 34. Bd3 Bxd3 35. Nxd3 Kf7 36. Kf2 h5 37. Ke3 Rc4 38. a3 Rc8 39. c4 Rb8 40.
Nb4 Rg8 41. c5 Rg2 42. Rc2 Rg1 43. c6 1-0

[Event "SR 3. liga A2 2005/2006"]
[Site "?"]
[Date "2006.??.??"]
[Round "?"]
[White "Vach, Pavol"]
[Black "Hecko, Dusan"]
[Result "1/2-1/2"]
[WhiteElo "2165"]
[BlackElo "2120"]
[Annotator " 28.1"]
[PlyCount "82"]
[EventDate "2005.??.??"]

1. Nf3 c5 2. c4 Nc6 3. Nc3 Nf6 4. d4 cxd4 5. Nxd4 g6 6. Nxc6 bxc6 7. e4 d6 8.
Be2 Bg7 9. O-O O-O 10. Qc2 Qc7 11. Bf4 e5 12. Bg5 Ne8 13. Be3 Be6 14. Rfd1 f6
15. b4 Rf7 16. a4 Rd7 17. Rac1 f5 18. f3 Nf6 19. b5 fxe4 20. Nxe4 cxb5 21. cxb5
Qxc2 22. Nxf6+ Bxf6 23. Rxc2 d5 24. Rc6 Kf7 25. f4 exf4 26. Rxe6 fxe3 27. Rxe3
d4 28. Rb3 Rc7 29. Bf3 Re8 30. Bc6 Re2 31. Rf3 Kg7 32. a5 Re6 33. a6 Rd6 34.
Rfd3 Rf7 35. Bb7 Bg5 36. Bf3 Rf5 37. Rb1 Be3+ 38. Kh1 Rb6 39. Bc6 Kf6 40. Rdd1
Rc5 41. Rf1+ Ke5 1/2-1/2

[Event "SR 3. liga A2 2005/2006"]
[Site "?"]
[Date "2006.??.??"]
[Round "?"]
[White "Pericka, Tomas"]
[Black "Palka, M."]
[Result "1-0"]
[WhiteElo "1945"]
[BlackElo "2045"]
[Annotator " 28.2"]
[PlyCount "81"]
[EventDate "2005.??.??"]

1. e4 c5 2. Nf3 d6 3. d4 cxd4 4. Nxd4 Nf6 5. Nc3 g6 6. Be3 Bg7 7. f3 O-O 8. Bc4
Nc6 9. Qd2 Bd7 10. h4 Ne5 11. Bb3 Qa5 12. O-O-O Rfc8 13. g4 Nc4 14. Bxc4 Rxc4
15. Nb3 Qa6 16. Kb1 Rac8 17. h5 Rxc3 18. bxc3 Bxg4 19. e5 Bxf3 20. exf6 Bxf6
21. hxg6 hxg6 22. Bd4 e5 23. Qf2 Qc6 24. Rhf1 Bxd1 25. Qxf6 Rc7 26. Rxd1 exd4
27. Nxd4 Qb6+ 28. Nb3 d5 29. Qd8+ Kg7 30. Rh1 f5 31. Rh8 Rf7 32. Qh4 a6 33.
Qh6+ Kf6 34. Rg8 Qg1+ 35. Kb2 Qg4 36. Nd4 f4 37. Qh8+ Kg5 38. Qe5+ Kh6 39. Rh8+
Rh7 40. Rxh7+ Kxh7 41. Ne6 1-0

[Event "SR 3. liga A2 2005/2006"]
[Site "?"]
[Date "2006.??.??"]
[Round "?"]
[White "Skapikova, Lubica"]
[Black "Pagerka, Martin"]
[Result "0-1"]
[WhiteElo "2030"]
[BlackElo "1855"]
[Annotator " 28.3"]
[PlyCount "44"]
[EventDate "2005.??.??"]

1. e4 c5 2. Nf3 Nc6 3. d4 cxd4 4. Nxd4 g6 5. c4 Bg7 6. Be3 Nf6 7. f3 O-O 8. Nc3
d6 9. Qd2 Bd7 10. O-O-O Ne5 11. g4 Rc8 12. b3 Qa5 13. Kb1 Qb4 14. h3 a6 15. Bg2
Nxc4 16. Qd3 Nxe3 17. Qxe3 Qxc3 18. Qe2 Nxg4 19. Rd3 Qc5 20. Rhd1 Ne5 21. R3d2
Bb5 22. Qf2 Nd3 0-1

[Event "SR 3. liga A2 2005/2006"]
[Site "?"]
[Date "2006.??.??"]
[Round "?"]
[White "Karlik, L."]
[Black "Sipkovsky, Ivan"]
[Result "1/2-1/2"]
[WhiteElo "1850"]
[BlackElo "1915"]
[Annotator " 28.4"]
[PlyCount "49"]
[EventDate "2005.??.??"]

1. d4 d5 2. c4 e6 3. Nc3 Nf6 4. Bf4 c6 5. e3 Bd6 6. Bg3 Bxg3 7. hxg3 Qa5 8. a3
Ne4 9. Qc2 Nxc3 10. bxc3 h6 11. Nf3 Nd7 12. Bd3 dxc4 13. Bxc4 Nf6 14. O-O Nd5
15. Rfc1 O-O 16. Ba2 Ne7 17. Ne5 f6 18. Nd3 Kh8 19. Bb1 g6 20. f4 Qh5 21. Ba2
Qg4 22. Qf2 Nf5 23. Re1 Qxg3 24. Qxg3 Nxg3 25. e4 $11 1/2-1/2

[Event "SR 3. liga A2 2005/2006"]
[Site "?"]
[Date "2006.??.??"]
[Round "?"]
[White "Fidericky, Milan"]
[Black "Fedor, Miroslav"]
[Result "1/2-1/2"]
[WhiteElo "1905"]
[BlackElo "1795"]
[Annotator " 28.5"]
[PlyCount "114"]
[EventDate "2005.??.??"]

1. Nf3 Nf6 2. d4 c5 3. d5 d6 4. c4 g6 5. Nc3 Bg7 6. e4 Nbd7 7. Be3 Ng4 8. h3
Nxe3 9. fxe3 Ne5 10. Nxe5 Bxe5 11. Bd3 Bg3+ 12. Kd2 Be5 13. Qc2 Qa5 14. Qa4+
Qxa4 15. Nxa4 Bd7 16. Nc3 a6 17. Rab1 a5 18. Rhf1 O-O 19. Ne2 Rfb8 20. Nc3 a4
21. Kc2 Ra5 22. Kd2 Rba8 23. Kc2 R8a6 24. Kd2 Rb6 25. Rfc1 Rb4 26. a3 Rb6 27.
Bc2 h5 28. Rf1 Kg7 29. Ke2 Rba6 30. Bd3 Ra8 31. Rf2 R5a6 32. Rbf1 f6 33. Rb1 g5
34. Kf1 Bg3 35. Rc2 Rb6 36. Rd2 g4 37. hxg4 Bxg4 38. Be2 Be5 39. Nd1 Rb3 40.
Rd3 Bxe2+ 41. Kxe2 Rxd3 42. Kxd3 Kh6 43. Nc3 Kg5 44. Rf1 Ra6 45. Nd1 Rb6 46.
Rf2 Rb3+ 47. Kc2 Kg4 48. Rf3 Kg5 49. Rf5+ Kg6 50. Rf2 b5 51. cxb5 Rxb5 52. Rf3
Rb3 53. Rf5 h4 54. Rf3 c4 55. Rf5 Rd3 56. Rf3 Rb3 57. Rf5 Kh6 1/2-1/2